000 00718nam a2200205 i 4500
001 26031
003 ES-MaACL
005 20230906153356.0
007 t|
008 030107s1959 sp ||||1| spa d
100 1 _aArteche, José de.
_923442
245 1 0 _aCuatro relatos
_b: La crónica del cura Areyzaga ; Confidentes en Lastaola ; Un secreto entre dos enemigos ; Viatico en el Palacio Real /
_cJosé de Arteche.
260 _aPamplona :
_bGómez,
_c[1959]
300 _a154 p. :
_bil. ;
_c19 cm.
740 3 _aLa crónica del cura Areyzaga.
740 0 _aConfidentes en Lastaola.
740 3 _aUn secreto entre dos enemigos.
740 0 _aViatico en el Palacio Real.
852 _aES-MaACL
_jC-17767
_bR.44643
999 _c26031
_d26031